000 01219nam a22002177a 4500
999 _c61878
_d61878
003 Ge_BSU
005 20240531165618.0
008 240531s2010 ge ||||| |||| 00| 0 geo d
041 _ageo
080 _a633.88+615.89 გ-74
100 _aგოძიაშვილი, ბადრი
_922274
245 _aსტევია შაქრის შემცვლელიდიაბეტით დაავადებულთათვის /
_cბადრი გოძიაშვილი, მარტა ჩებოტარიოვა; რედ. რ. სურმანიძე; ბათუმის სამედიცინო ეკოლოგიური ინსტიტუტი.
264 _aბათუმი :
_bმეცნიერება,
_c2010.
300 _a52 გვ. :
_bილ.;
_c21 სმ.
653 _aმედიცინა
653 _aსტევია
700 _aსურმანიძე, რ.
_eრედქტორი
_918395
700 _aჩებოტარიოვა, მარტა
_922275
710 _aბათუმის სამედიცინო ეკოლოგიური ინსტიტუტი
_922276
942 _2udc
_cBK